বাংলাদেশের রাজনীতি : সংস্কৃতির স্বরূপ / (Record no. 47044)
[ view plain ]
| 000 -LEADER | |
|---|---|
| fixed length control field | 00840nam a22002297a 4500 |
| 001 - CONTROL NUMBER | |
| control field | 47044 |
| 003 - CONTROL NUMBER IDENTIFIER | |
| rucl marc code | BD-RjUL |
| 005 - DATE AND TIME OF LATEST TRANSACTION | |
| control field | 20211209054242.0 |
| 008 - FIXED-LENGTH DATA ELEMENTS--GENERAL INFORMATION | |
| fixed length control field | 160806s2007 bg ||||| |||| 00| 0 ben d |
| 020 ## - INTERNATIONAL STANDARD BOOK NUMBER | |
| International Standard Book Number | 9844126126 |
| Terms of availability | : TK 300.00 |
| 035 ## - SYSTEM CONTROL NUMBER | |
| System control number | (BD-RjUL)47163 |
| 040 ## - CATALOGING SOURCE | |
| Original cataloging agency | BD-RjUL |
| Language of cataloging | ben |
| Transcribing agency | BD-RjUL |
| 041 ## - LANGUAGE CODE | |
| Language code of text/sound track or separate title | ben |
| 082 ## - DEWEY DECIMAL CLASSIFICATION NUMBER | |
| Edition number | 23 |
| Classification number | 320.95492 |
| Author mark and year | HAB 2007 |
| 100 ## - MAIN ENTRY--PERSONAL NAME | |
| Personal name | হক, আবুল ফজল |
| 9 (RLIN) | 118217 |
| 245 10 - TITLE STATEMENT | |
| Title | বাংলাদেশের রাজনীতি : সংস্কৃতির স্বরূপ / |
| Statement of responsibility, etc. | আবুল ফজল হক |
| 260 ## - PUBLICATION, DISTRIBUTION, ETC. (IMPRINT) | |
| Place of publication, distribution, etc. | ঢাকা : |
| Name of publisher, distributor, etc. | অনন্যা, |
| Date of publication, distribution, etc. | ২০০৭ |
| 300 ## - PHYSICAL DESCRIPTION | |
| Pagination | xv, ৩৫২ পৃ. ; |
| Size | ২১ সেমি. |
| 650 ## - SUBJECT ADDED ENTRY--TOPICAL TERM | |
| Topical term or geographic name as entry element | রাজনীতি |
| Geographic subdivision | বাংলাদেশ |
| 9 (RLIN) | 120022 |
| Topical term or geographic name as entry element | Politics |
| Geographic subdivision | Bangladesh |
| 9 (RLIN) | 120023 |
| 942 ## - ADDED ENTRY ELEMENTS (KOHA) | |
| Source of classification or shelving scheme | Dewey Decimal Classification |
| Koha item type | Books |
| Lost status | Source of classification or shelving scheme | Damaged status | Not for loan | Collection code | Permanent Location | Current Location | Shelving location | Date acquired | Source of acquisition | Cost, normal purchase price | Total Checkouts | Full call number | Date last seen | Date checked out | Copy number | Koha item type |
|---|---|---|---|---|---|---|---|---|---|---|---|---|---|---|---|---|
| Dewey Decimal Classification | Non-fiction | Central Library, University of Rajshahi | Central Library, University of Rajshahi | 24/04/2007 | R.U.Political Science | 300.00 | 1 | B 320.95492 HAB 2007 | 07/12/2017 | 27/11/2017 | C-2 | Books | ||||
| Dewey Decimal Classification | Non-fiction | Central Library, University of Rajshahi | Central Library, University of Rajshahi | 24/04/2007 | R.U.Political Science | 300.00 | B 320.95492 HAB 2007 | 06/08/2016 | C-3 | Books | ||||||
| Dewey Decimal Classification | Non-fiction | Central Library, University of Rajshahi | Central Library, University of Rajshahi | 24/04/2007 | R.U.Political Science | 300.00 | 1 | B 320.95492 HAB 2007 | 06/10/2016 | 29/09/2016 | C-4 | Books | ||||
| Dewey Decimal Classification | Not For Loan | Non-fiction | Central Library, University of Rajshahi | Central Library, University of Rajshahi | Reading Room | 24/04/2007 | Political science dept.R.U. | 300.00 | B 320.95492 HAB 2007 | 12/12/2016 | C-1 | Books |